قصص الأنبياء / (Record no. 8115)
[ view plain ]
| 000 -LEADER | |
|---|---|
| fixed length control field | 00976nac a22001931u 4500 |
| 008 - FIXED-LENGTH DATA ELEMENTS--GENERAL INFORMATION | |
| fixed length control field | 100725s1981 ua||||||r||| 000 0 ra d |
| 082 ## - DEWEY DECIMAL CLASSIFICATION NUMBER | |
| Classification number | 229.5 |
| Item number | ك ث ي |
| Edition number | 22 |
| 100 ## - MAIN ENTRY--PERSONAL NAME | |
| Personal name | ابن كثير، أبي الفداء إسماعيل |
| 9 (RLIN) | 16659 |
| Dates associated with a name | 701-774ه |
| 245 ## - TITLE STATEMENT | |
| Title | قصص الأنبياء / |
| Statement of responsibility, etc | أبي الفداء إسماعيل بن كثير ؛ تحقيق وتعليق عبد القادر أحمد عطا |
| 260 ## - PUBLICATION, DISTRIBUTION, ETC. (IMPRINT) | |
| Place of publication, distribution, etc | القاهرة : |
| Name of publisher, distributor, etc | دار الكتب الإسلامية، |
| Date of publication, distribution, etc | 1981 |
| 300 ## - PHYSICAL DESCRIPTION | |
| Extent | 2 مج؛ |
| Dimensions | 24 سم |
| 511 ## - PARTICIPANT OR PERFORMER NOTE | |
| Participant or performer note | Catalogued by: Sara |
| 541 ## - IMMEDIATE SOURCE OF ACQUISITION NOTE | |
| Source of acquisition | ألف باء؛ |
| 650 ## - SUBJECT ADDED ENTRY--TOPICAL TERM | |
| 9 (RLIN) | 16661 |
| 650 ## - SUBJECT ADDED ENTRY--TOPICAL TERM | |
| Topical term or geographic name as entry element | قصص الأنبياء |
| 9 (RLIN) | 15131 |
| 700 ## - ADDED ENTRY--PERSONAL NAME | |
| Personal name | عطا، عبد القادر أحمد |
| 9 (RLIN) | 16662 |
| Relator term | تحقيق وتعليق |
| 942 ## - ADDED ENTRY ELEMENTS (KOHA) | |
| Item type | Book - Borrowing |
| Call number prefix | 229.5ك ث ي |
| Source of classification or shelving scheme | Dewey Decimal Classification |
| Withdrawn status | Item status | Source of classification or shelving scheme | Damaged status | Not for loan | Vendor | Home library | Current library | Shelving location | Date acquired | Source of acquisition | Total Checkouts | Full call number | Barcode | Date last seen | Date last borrowed | Koha item type |
|---|---|---|---|---|---|---|---|---|---|---|---|---|---|---|---|---|
| Dewey Decimal Classification | Alef-Baa | Central Library | Central Library | Lower Floor | 25/07/2010 | 6 | 229.5 ا ب ن | 000010059 | 15/07/2025 | 26/11/2013 | Book - Borrowing |